| 000 | 01271nam a2200313 a 4500 | ||
|---|---|---|---|
| 999 |
_c529460 _d529460 |
||
| 001 | 2352303 | ||
| 003 | NUST | ||
| 005 | 20190926122457.0 | ||
| 008 | 831121s1983 dcu f000 0 eng | ||
| 010 | _a 83051361 | ||
| 020 |
_a0309035635 (pbk.) : _c$6.00 |
||
| 038 | _aMSOHAIL | ||
| 040 |
_aDLC _cDLC _dDLC |
||
| 050 | 0 | 0 |
_aTE203 _b.S65 1983 |
| 082 | 0 | 0 |
_a625.7 _219 |
| 100 | 1 |
_aSmith, Nathan L. _921570 |
|
| 245 | 1 | 0 |
_aMaterial certification and material-certification effectiveness / _cNathan L. Smith, Jr. |
| 260 |
_aWashington, D.C. : _bTransportation Research Board, _c[1983] |
||
| 300 |
_a17 p. ; _c28 cm. |
||
| 440 | 0 |
_aSynthesis of highway practice, _x0547-5570 ; _v102 _921571 |
|
| 500 | _a"Research sponsored by the American Association of State Highway and Transportation Officials in cooperation with the Federal Highway Administration." | ||
| 500 | _a"November 1983." | ||
| 650 | 0 |
_aRoad materials _xSpecifications. _921572 |
|
| 710 | 2 |
_aNational Research Council (U.S.). _bTransportation Research Board. _919676 |
|
| 710 | 2 |
_aAmerican Association of State Highway and Transportation Officials. _919553 |
|
| 710 | 1 |
_aUnited States. _bFederal Highway Administration. _920149 |
|
| 906 |
_a7 _bcbc _corignew _d2 _eocip _f19 _gy-gencatlg |
||
| 942 |
_2ddc _cBK |
||